[Event "HCL-A2434"]
[Site "www.playchess.de"]
[Date "2006.01.29"]
[Round "26"]
[White "knightprancer"]
[Black "saemi"]
[WhiteElo "1301"]
[BlackElo "1601"]
[PlyCount "75"]
[Result "1-0"]

1.d4 {hi and all the best ! ( handshake )}  Nf6 
{Hello from Iceland}  2.e3 e6 3.Bd3 {How is the 
weather there ? Here it's cool and some light rain 
with some sun. Winter is coming soon >}  d5 {The 
weather is OK, but the days are getting shorter 
all the time.}  4.f4 {Same here. It's dark outside 
by 19:15 hrs pm . In Iceland do the days shorten 
until you have no daylight at all ,just total 
darkness ?}  c5 {No, here in Reykjavik we have 
always a few hours of daylight.}  5.c3 {In Iceland 
is June 21 the first day of summer there ? When or 
what time would the sun set there ? In Ontario 
,June 21 is our first day of summer and is our 
longest day.The sunt sets about 21:45 pm .}  c4 
{In Iceland we consider the first day of summer 
much erlier, but the longest day is around 20th of 
June, yes.}  6.Bc2 {Does your country celebrate 
Christmas ? In Canada it's a beautifal time of 
year with people decorating the outside of their 
houses with colourful lights and different 
decorations.I enjoy how the lights glow as they've 
been lightly covered by snow !}  Nc6 {Yes, I think 
Christmas celebrations in Iceland and Canada are 
very similar. Most differences probably in the 
food.}  7.Nf3 {Christmas time  is not the time to 
start dieting ...lol,so much home baked foods and 
desserts.Though the season may be cold ,the warmth 
from family and friends warms the heart though and 
through !}  b5 8.O-O a5 9.Ne5 Bb7 10.g4 g6 11.Rf2 
Bg7 12.b3 O-O 13.Nd2 {You being from Iceland must 
have enjoyed the world famous chess matches 
between R.Fischer and B.Spassky ! To this day ,new 
chess books and articles are still being written 
about that most intresting match.}  Nd7 {Yeah, of 
course I saw that match. Fischer lives in Iceland 
now as you probably know.}  14.Ndf3 {Yes indeed he 
does.He must keep a low profile there because i've 
heard nothing of him for some time now.}  Ncxe5 
15.fxe5 f6 16.h4 fxe5 17.Ba3 Rf7 18.Qe2 Qe7 
19.Bxe7 Rxe7 20.bxc4 exd4 21.cxd4 {whats new in 
Iceland,and recent news on B.Fischer?}  dxc4 
{Well, I don´t really know. Mr. Fischer is not 
much in the news.}  22.h5 {Do people in Iceland 
celebrate Christmas by putting presents under a 
Christmas tree? That is a tradition here in North 
America.}  Nf8 {Yes they do. Icelandic culture is 
a Scandinavian one, and also European.}  23.hxg6 
{What would the main dish be? Here it's roast 
turkey with potatoes and vegtables ,turkey 
stuffing with cranberry sauce .Sweet potatoes 
,yams ,squash can be included .Desserts ,apple 
pie,cherry ,blueberry with icecream and assortment 
of pastries.}  Nxg6 {We usually celebrate mostly 
and give gifts on Christmas Eve, not Christmas day 
as I believe that you do. I don´t know exactly 
what the main dish will be, but Christmas is a 
feast of food here as in Canada, I believe.}  
24.Bxg6 {Your correct on all points ! Fish I take 
it must be a main course in Iceland ..right ?}  
hxg6 {No, not on Christmas, but it is true we eat 
much fish and fish is very good here. Icelanders 
are often disgusted at what passes for fish at 
some other places.}  25.Rb1 {One of my favorite 
ocean fish is the Halibut.In Canada we tend to 
agree that the Halibut is the finest steak of 
seafood.The pacific sockeye salmon is very tasty 
of all the different salmon species. Do you like 
anchovies on pizzas?I do !}  Bc6 {Halibut is good, 
yes. Anchovies too, but herring is better (on 
pizzas ???). I don´t like salom so much, but cod, 
haddock and some species I don´t know the english 
names of are also very good. Of course, lobster 
and shrimps too.}  26.Ne5 {Is lobster caught in 
Icelandic waters ?On our east coast (Nova Scotia ) 
lobster is caught, though very expensive.Yes 
anchovies is on most pizza menus ,my favorite !}  
Be4 {Yes, lobster is cought off the south coast of 
Iceland.}  27.Rxb5 Bxe5 28.Rxe5 Bd3 29.Qf3 Rb8 
30.Kg2 c3 31.Rc5 c2 32.Rcxc2 Bxc2 33.Rxc2 Rf8 
34.Qe4 {How is saemi today ?}  Kg7 {Very well}  
35.d5 {is it true that there are many active 
volcanoes on Iceland ?}  Rd8 {Yeah, every 3-5 
years there is an eruption and sometimes they can 
be predicted an hour or so beforehand. In 2000 
there was a newsitem in the radio that said: 
"After 15 minutes an eruption will start in Mt. 
Hekla." Unforgettable.}  36.Qe5+ {With the many 
lava flows ,Iceland land mass must be gradually 
becoming larger.}  Kg8 {Well, there is erosion 
too. The sea is also claiming some land. And if 
some mountains get a little higher, who cares?}  
37.d6 {are you close to an active volcano ?}  Ree8 
{What is close and what is active? From where I 
live now, there are about a 100 km to a volcano 
that has erupted in my lifetime.}  38.Rc7 
{Wow,intresting ! roughly how high would that 
volcanoe be ?}  1-0

[Event "HCL-C4073"]
[Site "www.playchess.de"]
[Date "2006.01.29"]
[Round "6"]
[White "JerryReneau"]
[Black "Farquhart"]
[WhiteElo "1079"]
[BlackElo "583"]
[PlyCount "21"]
[Result "1-0"]

1.d4 d5 2.e3 Nc6 3.c4 dxc4 4.Bxc4 a6 5.Nf3 e6 
6.O-O h5 7.e4 Nf6 8.e5 Nd5 9.Bg5 f6 10.exf6 Nxf6 
11.Nc3 1-0

[Event "HCL-C4072"]
[Site "www.playchess.de"]
[Date "2006.01.29"]
[Round "15"]
[White "JerryReneau"]
[Black "Farquhart"]
[WhiteElo "1079"]
[BlackElo "583"]
[PlyCount "21"]
[Result "1-0"]

1.d4 d5 2.e3 Nc6 3.c4 dxc4 4.Bxc4 a6 5.Nf3 e6 
6.O-O h5 7.e4 Nf6 8.d5 Ne7 9.Nc3 Ng6 10.Bg5 Bc5 
11.Na4 1-0

[Event "HCL-C4054"]
[Site "www.playchess.de"]
[Date "2006.01.29"]
[Round "11"]
[White "Farquhart"]
[Black "Idris"]
[WhiteElo "570"]
[BlackElo "880"]
[PlyCount "26"]
[Result "0-1"]

1.e4 e5 2.Nf3 d6 3.Nc3 Nc6 4.d3 Be7 5.Be3 Nf6 
6.Ng5 Ng4 7.h3 Nxe3 8.fxe3 O-O 9.Nd5 Bxg5 10.h4 
Bxh4+ 11.g3 Bxg3+ 12.Ke2 Bg4+ 13.Kd2 
Bxd1 0-1

[Event "HCL-C4054"]
[Site "www.playchess.de"]
[Date "2006.01.29"]
[Round "16"]
[White "pytolo98"]
[Black "Farquhart"]
[WhiteElo "1232"]
[BlackElo "570"]
[PlyCount "41"]
[Result "1-0"]

1.e4 e5 2.Nf3 Nf6 3.d3 Nc6 4.Bg5 h6 5.Bxf6 gxf6 
6.c3 d6 7.h3 Rg8 8.Nbd2 b5 9.d4 exd4 10.Bxb5 Bb7 
11.O-O a6 12.Bxc6+ Bxc6 13.cxd4 Rb8 14.Qc2 Rb6 
15.Nc4 d5 16.Nxb6 dxe4 17.Qxc6+ Ke7 18.Nd5+ Qxd5 
19.Qxd5 Ke8 20.Qxe4+ Be7 21.Rfe1 1-0

[Event "HCL-C4072"]
[Site "www.playchess.de"]
[Date "2006.01.29"]
[Round "14"]
[White "Farquhart"]
[Black "cla114"]
[WhiteElo "583"]
[BlackElo "835"]
[PlyCount "22"]
[Result "0-1"]

1.e4 e5 2.Nf3 Nc6 3.Bc4 Nf6 4.d3 Ng4 5.h3 Nf6 
6.Bg5 Be7 7.Bh4 O-O 8.Ng5 d5 9.exd5 Nxd5 10.Qh5 h6 
11.Nc3 Na5 0-1

[Event "HCL-C4072"]
[Site "www.playchess.de"]
[Date "2006.01.29"]
[Round "13"]
[White "HoshiX"]
[Black "Farquhart"]
[WhiteElo "361"]
[BlackElo "583"]
[PlyCount "21"]
[Result "1-0"]

1.e4 e5 2.d3 Nf6 3.Bg5 h6 4.Bh4 g5 5.Bg3 Bb4+ 6.c3 
Ba5 7.d4 Nc6 8.dxe5 Nxe4 9.f3 d5 10.fxe4 dxe4 
11.Nd2 1-0

[Event "HCL-C4054"]
[Site "www.playchess.de"]
[Date "2006.01.29"]
[Round "7"]
[White "daveboy6968"]
[Black "Farquhart"]
[WhiteElo "1008"]
[BlackElo "570"]
[PlyCount "29"]
[Result "1-0"]

1.d4 {hi good luck + happy new year ;-)}  d5 2.Nf3 
Nc6 3.e3 Bg4 4.h3 Bf5 5.c3 Nf6 6.Bb5 a6 7.Bxc6+ 
bxc6 8.Ne5 Ne4 9.Nd2 Rb8 10.Nxc6 Qc8 11.Nxe4 Bxe4 
12.f3 Bg6 13.Nxb8 Qxb8 14.Qa4+ Kd8 
15.Qc6 1-0

[Event "HCL-C4072"]
[Site "www.playchess.de"]
[Date "2006.01.29"]
[Round "12"]
[White "Farquhart"]
[Black "Grunert"]
[WhiteElo "583"]
[BlackElo "959"]
[PlyCount "22"]
[Result "0-1"]

1.e4 e5 2.Nf3 d6 3.d3 Nc6 4.Bg5 f6 5.Bd2 f5 6.exf5 
Bxf5 7.Bg5 Be7 8.Nh4 Bd7 9.Be2 Bxg5 10.Nf3 Be7 
11.O-O Nf6 0-1

[Event "HCL-C3982"]
[Site "www.playchess.de"]
[Date "2006.01.29"]
[Round "19"]
[White "daveboy6968"]
[Black "moggo"]
[WhiteElo "991"]
[BlackElo "924"]
[PlyCount "57"]
[Result "1-0"]

1.e4 {good luck ;-)}  e6 2.d4 Qh4 3.Qf3 b6 4.g3 
Qf6 5.Qxf6 Nxf6 6.f3 Nc6 7.c3 a5 8.a4 Ba6 9.Bxa6 
Rxa6 10.Ne2 d5 11.e5 Nh5 12.g4 Be7 13.Nf4 Nxf4 
14.Bxf4 Bh4+ 15.Ke2 g5 16.Be3 Ne7 17.Na3 h6 18.Nb5 
f5 19.Nxc7+ Kf7 20.Nb5 h5 21.gxf5 Nxf5 22.Rhg1 
Raa8 23.Bxg5 Bxg5 24.Rxg5 Rhg8 25.Rxh5 Rg2+ 26.Kd3 
Rxb2 27.Nc7 Rc8 28.Rh7+ Kg6 29.Rd7 1-0

[Event "HCL-B3769"]
[Site "www.playchess.de"]
[Date "2006.01.29"]
[Round "6"]
[White "Rekha"]
[Black "bossjos"]
[WhiteElo "1200"]
[BlackElo "1292"]
[PlyCount "72"]
[Result "0-1"]

1.e3 e5 2.Qf3 d5 3.e4 Nf6 4.exd5 Bg4 5.Qb3 b6 
6.Bc4 Bd6 7.h3 Bh5 8.Qb5+ Nbd7 9.Nc3 a6 10.Qc6 O-O 
11.Nge2 Bg6 12.d3 Nc5 13.d4 exd4 14.Nxd4 Re8+ 
15.Kf1 Qe7 16.Bg5 Qe5 17.Nf3 Qf5 18.g4 Qxf3 19.Kg1 
Nxg4 20.Rf1 Be4 21.Nxe4 Nxe4 22.Bh4 g5 23.Qd7 gxh4 
24.hxg4 Nd2 25.b3 Nxf1 26.Bxf1 Rad8 27.Qa4 Re4 
28.Qxe4 Qxe4 29.Rxh4 Qxc2 30.Rh3 Bc5 31.Rf3 Qd1 
32.Rd3 Qxg4+ 33.Rg3 Qxg3+ 34.Bg2 Bxf2+ 35.Kf1 Re8 
36.Bh1 Re1+ 0-1

[Event "HCL-A2582"]
[Site "www.playchess.de"]
[Date "2006.01.29"]
[Round "8"]
[White "micimaci"]
[Black "gridguy"]
[WhiteElo "1900"]
[BlackElo "1716"]
[PlyCount "81"]
[Result "1-0"]

1.e4 {e2-e4}  c5 {Hi from Seattle ... good luck!}  
2.Nf3 {Ng1-f3}  d6 3.e5 {e4-e5}  Nc6 4.Bb5 
{Bf1-b5}  a6 5.Bxc6+ {Bb5xc6}  bxc6 6.O-O {O-O}  
d5 7.d4 {d2-d4}  cxd4 8.Qxd4 {Qd1xd4}  e6 9.Bg5 
{Bc1-g5}  Be7 10.Bxe7 {Bg5xe7}  Nxe7 11.Qc5 
{Qd4-c5}  Rb8 12.b3 {b2-b3}  Qb6 13.Qa3 {Qc5-a3}  
Qb4 14.c3 {c2-c3}  Qxa3 15.Nxa3 {Nb1xa3}  Ng6 
16.g3 {g2-g3}  c5 17.c4 {c3-c4}  d4 18.Rfe1 
{Rf1-e1}  Ke7 19.Rad1 {Ra1-d1}  f6 20.Nb1 {Na3-b1} 
 Nxe5 21.Nxe5 {Nf3xe5}  fxe5 22.Rxe5 {Re1xe5}  Kd6 
23.Rde1 {Rd1-e1}  Rf8 24.f4 {f2-f4}  Rf5 25.Nd2 
{Nb1-d2}  Rxe5 26.fxe5+ {f4xe5+}  Kc6 27.Rf1 
{Re1-f1}  Rb7 28.Rf8 {Rf1-f8}  Rc7 29.Ne4 {Nd2-e4} 
 h6 {(offering draw)}  30.Re8 {Rf8-e8}  Kd7 31.Rg8 
{Re8-g8}  Kc6 32.Nd6 {Ne4-d6}  Bb7 33.Kf2 {Kg1-f2} 
 Re7 34.Ke2 {Kf2-e2}  Kc7 35.Kd3 {Ke2-d3}  Bc6 
36.a3 {a2-a3}  a5 37.Rh8 {Rg8-h8}  a4 38.bxa4 
{b3xa4}  Bxa4 39.Ra8 {Rh8-a8}  Bc6 40.Ra7+ 
{Ra8-a7+}  Kd8 41.Ra5 {Ra7-a5} 
 1-0

[Event "HCL-A2523"]
[Site "www.playchess.de"]
[Date "2006.01.29"]
[Round "13"]
[White "Matu"]
[Black "schachsky"]
[WhiteElo "1556"]
[BlackElo "1141"]
[PlyCount "64"]
[Result "1-0"]

1.e4 e5 {Da sind wir wieder; wird's mir besser 
gehen -:)}  2.Nf3 Nc6 3.Bc4 Nf6 4.Ng5 d5 5.exd5 
Nxd5 6.Nxf7 Kxf7 {Fehler habe Ich schon Mal 
gemacht -:(}  7.Qf3+ Qf6 8.Bxd5+ Be6 9.Qxf6+ gxf6 
10.Bxc6 bxc6 11.d3 Rg8 12.g3 Rb8 13.b3 Bh3 14.Nd2 
Bb4 15.Bb2 Bg2 16.Rg1 Bf3 17.c3 Bxc3 {wiederum 
oopsy!}  18.Bxc3 Bd5 19.Nc4 e4 20.dxe4 Bxe4 
21.O-O-O Bd5 22.Ne3 Rbd8 23.Bd4 Bf3 24.Rd2 Rd6 
25.Bc5 Re6 26.Rd7+ Ke8 27.Rxc7 Rg5 28.b4 a5 29.a3 
axb4 30.axb4 h5 31.Kd2 h4 32.Ra1 
hxg3 1-0

[Event "HCL-B3831"]
[Site "www.playchess.de"]
[Date "2006.01.29"]
[Round "18"]
[White "RUDI"]
[Black "schachsky"]
[WhiteElo "1237"]
[BlackElo "1192"]
[PlyCount "45"]
[Result "1-0"]

1.e4 {Hello from Germany!}  e5 {Und ein Hallo aus 
Holland: schöne Partie zugewünscht!}  2.Bc4 Nf6 
3.d3 Bc5 4.Nf3 Nc6 5.O-O O-O 6.Nc3 a6 7.a3 b5 
8.Bd5 Bb7 9.Bxc6 Bxc6 10.Nxe5 Bb7 11.Bg5 h6 
12.Bxf6 gxf6 13.Ng4 Kh7 14.Ne3 Rg8 15.Ned5 c6 
16.Nf4 Be7 17.d4 d5 18.Re1 Bc8 19.exd5 cxd5 
20.Ncxd5 Bh3 21.Nxe7 Bg4 22.f3 Re8 
23.Qd3+ 1-0

[Event "HCL-C4065"]
[Site "www.playchess.de"]
[Date "2006.01.29"]
[Round "11"]
[White "alauddin"]
[Black "Viking"]
[WhiteElo "953"]
[BlackElo "601"]
[PlyCount "79"]
[Result "1-0"]

1.e4 {hello!}  c6 2.d4 d5 3.Nc3 Nf6 4.Bg5 Nbd7 
5.Bd3 e6 6.Nf3 Be7 7.e5 Ne4 8.Nxe4 dxe4 9.Bxe7 
Qa5+ 10.c3 exf3 11.Qxf3 Kxe7 12.Qg4 g6 13.Qg5+ Ke8 
14.Qh6 Nf8 15.Qg7 Rg8 16.Qxg8 Ke7 17.O-O Bd7 
18.Qg7 Qd5 19.Qf6+ Ke8 20.c4 Qxd4 21.Rad1 Qxb2 
22.Rda1 c5 23.Rab1 Qd4 24.Rbd1 Ba4 25.Rd2 Bc2 
26.Qf3 Bxd3 27.Rxd3 Qxc4 28.Rfd1 Rb8 29.g3 h5 
30.Qf6 Qxd3 31.Rxd3 Nd7 32.Qh8+ Ke7 33.Qg7 b5 
34.Rf3 Nxe5 35.Qxe5 Rd8 36.Qf6+ Kd7 37.Qxf7+ Kc8 
38.Qxe6+ Kc7 39.Rf7+ Kb8 40.Qc6 1-0

[Event "HCL-E1500"]
[Site "www.playchess.de"]
[Date "2006.01.29"]
[Round "8"]
[White "ados99"]
[Black "Fantaw"]
[WhiteElo "1431"]
[BlackElo "1582"]
[PlyCount "64"]
[Result "0-1"]

1.e4 c5 2.Nf3 Nc6 3.d4 cxd4 4.Nxd4 Nf6 5.Nc3 e5 
6.Ndb5 Bb4 7.Nd6+ Ke7 8.Nf5+ Kf8 9.Bg5 d5 10.Qf3 
Bxf5 11.exf5 Qa5 12.Bd2 e4 13.Qf4 d4 14.Nb1 Nd5 
15.Qxe4 Re8 16.Qxe8+ Kxe8 17.a3 Bxd2+ 18.Nxd2 Ke7 
19.O-O-O Re8 20.Bd3 Kf8 21.Nc4 Qc7 22.f6 Nxf6 
23.g3 b5 24.Nd2 a6 25.f4 Nd5 26.Kb1 Ne3 27.Rde1 b4 
28.a4 Na5 29.Rec1 Qc6 30.Nf1 Qxa4 31.Bxa6 b3 
32.cxb3 Nxb3 0-1

[Event "HCL-C4112"]
[Site "www.playchess.de"]
[Date "2006.01.30"]
[Round "1"]
[White "JULIUS"]
[Black "Henri"]
[WhiteElo "949"]
[BlackElo "797"]
[PlyCount "29"]
[Result "1-0"]

1.d4 d5 {Bonjour et Bonne Partie}  2.Nf3 {Bonjour 
!!!! Good match !!!}  Nf6 3.Bf4 e6 4.e3 Bb4+ 5.c3 
Ba5 6.Be2 O-O 7.O-O Nc6 8.Nbd2 b5 9.Nb3 Bb6 10.Ne5 
Nxe5 11.dxe5 Nd7 12.Bxb5 Bb7 13.Qg4 c6 14.Bh6 Nxe5 
15.Qxg7+ 1-0

[Event "HCL-A2543"]
[Site "www.playchess.de"]
[Date "2006.01.30"]
[Round "7"]
[White "mrchess"]
[Black "alvimrf"]
[WhiteElo "1503"]
[BlackElo "1784"]
[PlyCount "48"]
[Result "0-1"]

1.d4 {good luck}  Nf6 2.Bg5 Ne4 3.Bh4 g5 4.Bg3 
Nxg3 5.hxg3 Bg7 6.e3 c5 7.c3 Qb6 8.Qc2 Nc6 9.Bd3 
cxd4 10.exd4 d5 11.Rxh7 Rxh7 12.Bxh7 e5 13.Nf3 
exd4 14.Qe2+ Be6 15.Nxg5 O-O-O 16.Nxe6 fxe6 
17.Qxe6+ Kb8 18.Qe2 Rh8 19.Qc2 dxc3 20.Nxc3 Nb4 
21.Qf5 Rf8 22.Qd7 Qxf2+ {and next 23.Kd1, Qf1+; 
24.Kd2, Bh6++}  23.Kd1 Qf1+ 24.Kd2 Bh6+ {Ok!!! 
Good game!}  0-1

[Event "HCL-E1548"]
[Site "www.playchess.de"]
[Date "2006.01.30"]
[Round "10"]
[White "Eyechess"]
[Black "carlosmadeira"]
[WhiteElo "2023"]
[BlackElo "1550"]
[PlyCount "57"]
[Result "1-0"]

1.e4 {Greetings and good game to us.}  e5 {THANKS 
FOR YOU TOO}  2.Bc4 Nf6 3.d3 Bc5 4.Nc3 O-O 5.f4 
Nc6 6.f5 Na5 7.Nf3 Nxc4 8.dxc4 c6 9.Bg5 h6 10.Bh4 
Re8 11.Qd2 a6 12.O-O-O b5 13.Rhe1 Rb8 14.Qd3 a5 
15.cxb5 cxb5 16.Nd5 Be7 17.Nxe7+ Qxe7 18.Nxe5 Qxe5 
19.Bg3 Qc5 20.Bxb8 Bb7 21.Bd6 Qc6 22.e5 Ne4 23.Qe2 
Nxd6 24.Rxd6 Qc7 25.Qxb5 Rc8 26.Qd3 Bc6 27.Qd4 
Bxg2 28.c3 Bc6 29.Rg1 1-0

[Event "HCL-E1520"]
[Site "www.playchess.de"]
[Date "2006.01.30"]
[Round "5"]
[White "gambitfan"]
[Black "carlosmadeira"]
[WhiteElo "1363"]
[BlackElo "1536"]
[PlyCount "47"]
[Result "1-0"]

1.e4 e5 2.Nf3 Nc6 3.Bb5 a6 4.Ba4 Nf6 5.O-O b5 
6.Bb3 Bb7 7.d3 Bc5 8.a4 O-O 9.Nc3 b4 10.Nd5 Ne8 
11.Bg5 Nf6 12.Nxf6+ gxf6 13.Bh6 Re8 14.Nh4 Ne7 
15.Qh5 d5 16.Kh1 c6 17.f4 Ng6 18.Qg4 exf4 19.Bxf4 
Bc8 20.Qg3 Kh8 21.Rae1 Rg8 22.exd5 cxd5 23.Bc7 Qd7 
24.Rxf6 1-0

[Event "HCL-A2582"]
[Site "www.playchess.de"]
[Date "2006.01.30"]
[Round "9"]
[White "gridguy"]
[Black "Themistocle"]
[WhiteElo "1716"]
[BlackElo "1600"]
[PlyCount "55"]
[Result "1-0"]

1.d4 {Hi from Seattle ... good luck!}  d5 {Hang on 
there, pal.}  2.c4 Nf6 3.Nc3 Bf5 4.e3 e6 5.c5 Be7 
6.Nf3 b6 7.b4 a6 8.Ne5 Nbd7 9.Nc6 Qc8 {Goofed. 

But chances are...;-0)}  10.a4 h5 11.Bb2 h4 12.h3 
Ne4 13.Nxe4 Bxe4 14.Nxe7 Kxe7 15.c6 Nf6 16.b5 a5 
17.Ba3+ Ke8 18.Ra2 Rh6 19.f3 Bf5 20.Bd3 Ng8 21.e4 
dxe4 22.Bxe4 Qd8 23.d5 Bxe4 24.fxe4 exd5 25.exd5 
Qg5 26.Re2+ Kd8 27.O-O f5 28.Bc1 1-0

[Event "HCL-A2582"]
[Site "www.playchess.de"]
[Date "2006.01.30"]
[Round "6"]
[White "Themistocle"]
[Black "victorabiodun03"]
[WhiteElo "1600"]
[BlackElo "1357"]
[PlyCount "33"]
[Result "0-1"]

1.e4 {Hao... :-)}  e6 2.Nf3 d5 3.exd5 exd5 4.d4 
Nf6 5.Bb5+ c6 6.Ba4 Bd6 7.O-O O-O 8.Bg5 Bg4 9.Nbd2 
Nbd7 10.c3 Qc7 11.Bc2 Bxh2+ 12.Kh1 Bf4 13.Bxf4 
Qxf4 14.Qe2 Rfe8 15.Qd3 Ne4 16.Rae1 Re6 
17.g3 0-1

[Event "HCL-M878"]
[Site "www.playchess.de"]
[Date "2006.01.30"]
[Round "5"]
[White "maik42_"]
[Black "steinzell"]
[WhiteElo "2187"]
[BlackElo "1759"]
[PlyCount "47"]
[Result "1-0"]

1.e4 {hallo viel spass}  c5 {auch viel Spass}  
2.Nf3 e6 3.d3 Nc6 4.g3 g6 5.Bg2 Bg7 6.O-O Nge7 
7.c3 O-O 8.Re1 d6 9.Nbd2 Rb8 10.a4 b6 11.Nc4 Ba6 
12.Bf4 e5 13.Be3 Bxc4 14.dxc4 Qc7 15.Qd3 h6 
16.Rad1 Rbd8 17.Nh4 Nc8 18.f4 exf4 19.gxf4 Kh7 
20.Ref1 N6e7 21.f5 Be5 22.Nf3 f6 23.fxg6+ Nxg6 
24.Bh3 1-0

[Event "HCL-M864"]
[Site "www.playchess.de"]
[Date "2006.01.30"]
[Round "16"]
[White "steinzell"]
[Black "TealBeatle"]
[WhiteElo "1794"]
[BlackElo "1944"]
[PlyCount "64"]
[Result "0-1"]

1.Nf3 {hello, good luck}  d5 {hello, fine 
match..greetings}  2.d4 Nf6 3.c4 e6 4.Nc3 c6 5.Bg5 
Nbd7 6.cxd5 exd5 7.e3 Be7 8.Qc2 O-O 9.Bd3 Re8 
10.O-O Nf8 11.h3 Be6 12.Bxf6 Bxf6 13.b4 Rc8 
14.Rab1 Be7 15.Rfc1 Bd6 16.Na4 b6 17.Qd1 Qe7 18.a3 
Ng6 {all the best for 2006!}  19.Bxg6 fxg6 20.Nb2 
g5 21.Nh2 Bf5 22.Nd3 Be4 23.Rb2 a5 24.Ng4 axb4 
25.axb4 Ref8 26.Nge5 c5 27.bxc5 bxc5 28.f3 Bxd3 
29.Qxd3 c4 30.Qc3 Ba3 31.Rcb1 Bxb2 32.Rxb2 
Rca8 0-1

[Event "HCL-C4081"]
[Site "www.playchess.de"]
[Date "2006.01.30"]
[Round "8"]
[White "dg"]
[Black "newplayer"]
[WhiteElo "1216"]
[BlackElo "1085"]
[PlyCount "109"]
[Result "1-0"]

1.e4 {hi again}  d5 {wish you a nice game}  2.e5 
{u2}  f6 3.d4 fxe5 4.dxe5 g6 5.Nf3 Bg4 6.Nbd2 Bh6 
7.h3 Bf5 8.Bd3 Bxd3 9.cxd3 d4 10.Nb3 Nc6 11.O-O 
Qd5 12.Bxh6 Nxh6 13.Rc1 O-O-O 14.Qd2 Nf7 15.Qf4 
Nfxe5 16.Nxe5 Qxe5 17.Qe4 Qxe4 18.dxe4 e5 19.Nc5 
Nb4 20.a3 Na6 21.Ne6 Rd6 22.Ng5 Rf6 23.b4 h6 
24.Nf3 d3 25.Nxe5 d2 26.Rcd1 Rd8 27.Nc4 Re6 28.f3 
c5 29.bxc5 Nxc5 30.Rxd2 Rxd2 31.Nxd2 Rd6 32.Nc4 
Ra6 33.Rc1 Kb8 34.e5 Nd3 35.Rb1 b5 36.Rxb5+ Kc7 
37.Kf1 Kc6 38.Rb3 Nf4 39.Kf2 Kc5 40.Nd2 Rb6 
41.Rxb6 axb6 42.Kg3 Ne6 43.f4 Kb5 44.Kh4 Nxf4 
45.g3 Ne6 46.g4 Ka4 47.Nc4 b5 48.Nd6 b4 49.axb4 
Kxb4 50.Nf7 Kc4 51.Nxh6 Kd4 52.Nf7 g5+ 53.Nxg5 
Nxg5 54.Kxg5 {time to give up?}  Kxe5 {maybe you 
are right :-(}  55.h4 {i think so, sorry} 
 1-0

[Event "HCL-E1539"]
[Site "www.playchess.de"]
[Date "2006.01.30"]
[Round "22"]
[White "ippuli"]
[Black "Dutchin"]
[WhiteElo "1614"]
[BlackElo "1637"]
[PlyCount "40"]
[Result "0-1"]

1.e4 {Hi! Good luck..}  e5 {Thanks, you too}  2.d4 
exd4 3.c3 {Here we come...}  dxc3 4.Bc4 cxb2 
5.Bxb2 {Greed....}  Bb4+ 6.Nc3 Nf6 7.Bxf7+ Kxf7 
8.Qb3+ d5 9.Qxb4 Na6 10.Qa3 Re8 11.Nge2 dxe4 
12.O-O Be6 13.Rad1 Qe7 14.Qa5 Qb4 15.Qxb4 Nxb4 
16.a3 Nd3 17.Ba1 Bc4 18.Rdb1 b6 19.Rfd1 Ng4 
20.Rxd3 exd3 0-1

[Event "HCL-E1535"]
[Site "www.playchess.de"]
[Date "2006.01.30"]
[Round "5"]
[White "ippuli"]
[Black "Matu"]
[WhiteElo "1614"]
[BlackElo "1457"]
[PlyCount "100"]
[Result "0-1"]

1.e4 {Hello again, good luck...}  c6 {hello again 
and good luck}  2.d4 {I'll need it...}  d5 3.e5 
Bf5 4.Nf3 e6 5.Bd3 Bxd3 6.Qxd3 Nd7 7.Nc3 a6 8.a3 
c5 9.Be3 b5 10.dxc5 Bxc5 11.O-O Ne7 12.Rae1 Bxe3 
13.fxe3 Nc6 14.e4 Nc5 15.Qd2 Nxe4 16.Nxe4 dxe4 
17.Qxd8+ Rxd8 18.Rxe4 h6 19.h3 Ke7 20.Rc1 Na5 
21.Nd4 Rdc8 22.Rg4 g6 23.Rf1 Nc4 24.Rgf4 Nxe5 
25.c3 Rhf8 26.Nf3 Nxf3+ 27.R4xf3 f5 28.R1f2 
{(offering draw)}  e5 29.h4 Ke6 30.g4 Rc4 31.gxf5+ 
gxf5 32.h5 Rh4 33.Rh2 Rxh2 34.Kxh2 e4 35.Rg3 Ke5 
36.Rg6 Rf6 37.Rg8 e3 38.Kg3 f4+ 39.Kf3 Kf5 40.Rg2 
Rd6 41.Rg8 Rd2 42.Rf8+ Kg5 43.Rg8+ Kxh5 44.Kxf4 e2 
45.Re8 Rxb2 46.Re3 Kh4 47.Re6 h5 48.Re3 Ra2 49.c4 
bxc4 50.Kf3 Rxa3 0-1

[Event "HCL-C3917"]
[Site "www.playchess.de"]
[Date "2006.01.30"]
[Round "24"]
[White "schachsky"]
[Black "epenz"]
[WhiteElo "1184"]
[BlackElo "846"]
[PlyCount "123"]
[Result "1-0"]

1.e4 {Hello have a nice game!}  e5 {hi...good 
luck}  2.Nf3 {I think we've met before 
-;)
How are you?}  Nc6 {fine...thanks...and you?}  
3.Bc4 {Me too; I've several chesslifes at the 
moment: C,B & A-league! With different results in 
the different leagues-:)(not consequently!)I'd won 
a C-tournamnet and then an older B-tournament 
ended with 3 winners with only 1 pt!Because of 
some non-players ...}  h6 {wow...C,B and A...at 
the same time...very interesting and crazy...good 
luck with that...}  4.d4 {thx, especially in A & B 
I'll need that! -:)}  exd4 5.Nxd4 Nxd4 6.Qxd4 d6 
7.Nc3 Nf6 8.O-O Be7 9.Be3 O-O 10.Qd2 Re8 11.f3 Be6 
12.Bd3 c6 13.Ne2 a6 14.c4 b6 15.a4 Qc7 16.b3 Reb8 
17.Ng3 d5 18.Nf5 Bxf5 19.exf5 a5 20.Rac1 Bb4 
21.Qb2 Rbd8 22.Qf2 d4 23.Bxd4 c5 24.Bb2 Rxd3 
25.Rcd1 Rxb3 26.Bxf6 Bc3 27.Rd3 gxf6 28.Qc2 Rb4 
29.Rxc3 Qf4 30.g3 Qd4+ 31.Kg2 Re8 32.Rd1 Qe5 
33.Kh3 Qe2 34.Rd2 Qe7 35.g4 Qc7 36.Rcd3 Qe5 37.Rc3 
Kh7 {(offering draw)}  38.Rd7 Re7 39.f4 Qe1 
40.Rxe7 Qxe7 41.Qf2 Rxa4 42.g5 fxg5 43.f6 Qe6+ 
44.Kg2 Qxf6 45.Qc2+ Kg7 46.Qxa4 Qxc3 47.Qb5 Qd2+ 
48.Kg3 Qxf4+ 49.Kg2 Qd6 50.Qb2+ f6 51.Kf3 Qf4+ 
52.Kg2 Qd6 53.h3 h5 54.Qa1 Kg6 55.Qb1+ f5 56.Qe1 
g4 57.Qe8+ Kg5 58.Qe3+ Qf4 59.h4+ {oops!}  Kxh4 
60.Qxf4 a4 61.Qxf5 a3 62.Qf6+ {things turned 
quickly, you were so close to winning this game 
....
See you later, Schachsky}  1-0